Dúbravka centrum - prestavba námestia

Gespeichert in:
Bibliographische Detailangaben
1. Verfasser: Červeni, Zoran (Verfasst von)
Weitere Verfasser: Štefancová, Lucia (Betreuung Doktorarbeit)
Format: Manuskript Buch
Sprache:Slowakisch
Veröffentlicht: Bratislava 2022
Schlagworte:
Online-Zugang:http://is.stuba.sk/zp/portal_zp.pl?podrobnosti=145935
Tags: Tag hinzufügen
Keine Tags, Fügen Sie das erste Tag hinzu!

MARC

LEADER 00000ntm a22000003a 4500
001 stuzp84312
003 SK-STU
005 20221027080640.5
007 ta
008 150427s2015----xo-----f-mn---000-0-slo-d
040 |a STU  |b slo 
041 0 |a slo 
100 1 |a Červeni, Zoran  |u 056160  |4 aut  |U FAD Fakulta architektúry a dizajnu  |T FAD Ústav urbanizmu a územného plánovania  |X 93713  |U A6160  |Y 397  |7 93713 
242 0 1 |a Dúbravka center - reconstruction of the square  |y eng 
245 1 0 |a Dúbravka centrum - prestavba námestia 
260 |c 2022  |a Bratislava 
650 4 |a verejný priestor  |2 slo 
650 4 |a Dúbravka  |2 slo 
650 4 |a kultúrny dom  |2 slo 
650 4 |a Cultural house  |2 eng 
650 4 |a Dúbravka  |2 eng 
650 4 |a Public space  |2 eng 
700 1 |a Štefancová, Lucia  |u 056160  |k Z1  |4 ths  |U FAD Fakulta architektúry a dizajnu  |T FAD Ústav urbanizmu a územného plánovania  |X 27281  |U A6160  |Y 397  |7 A000027281 
856 4 |u http://is.stuba.sk/zp/portal_zp.pl?podrobnosti=145935  |u https://opac.crzp.sk/?fn=detailBiblioForm&sid=6327E39BEACEDA0309000E820365